000 00383nam a2200157Ia 4500
008 160316s1999 xxu||||| |||| 00| 0 eng d
082 _a341.754000
_bWOR
100 _a
245 _aTrade in agriculture (World Bank)
250 _a
260 _a
_bWorld Bank
_c1999
300 _a246
_b
_c
365 _b
650 _a1. Agriculture 2. Trade 3. WTO 4. Protection
700 _a
_a
999 _c35863
_d35863